Central Library OPAC University of Rajshahi

Politics in the Middle East / (Record no. 26944)

MARC details
000 -LEADER
fixed length control field 00831nam a2200277 a 4500
001 - CONTROL NUMBER
control field 26944
003 - CONTROL NUMBER IDENTIFIER
rucl marc code BD-RjUL
005 - DATE AND TIME OF LATEST TRANSACTION
control field 20211209051106.0
008 - FIXED-LENGTH DATA ELEMENTS--GENERAL INFORMATION
fixed length control field 160602s1974 cn b 001 0 eng
020 ## - INTERNATIONAL STANDARD BOOK NUMBER
International Standard Book Number 0316095052 ;
035 ## - SYSTEM CONTROL NUMBER
System control number (BD-RjUL)27015
040 ## - CATALOGING SOURCE
Modifying agency BD-RjUL
Language of cataloging eng
041 ## - LANGUAGE CODE
Language code of text/sound track or separate title eng
082 00 - DEWEY DECIMAL CLASSIFICATION NUMBER
Classification number 956.04
Edition number 19
Author mark and year BIP 1979
100 1# - MAIN ENTRY--PERSONAL NAME
Personal name Bill, James A.
9 (RLIN) 82811
245 10 - TITLE STATEMENT
Title Politics in the Middle East /
Statement of responsibility, etc. James A. Bill, Carl Leiden.
260 ## - PUBLICATION, DISTRIBUTION, ETC. (IMPRINT)
Place of publication, distribution, etc. Boston :
Name of publisher, distributor, etc. Little, Brown,
Date of publication, distribution, etc. c1979.
300 ## - PHYSICAL DESCRIPTION
Pagination xiii, 464 p. ;
Size 21 cm.
490 ## - SERIES STATEMENT
Series statement The Little, Brown series in comparative politics
504 ## - BIBLIOGRAPHY, ETC. NOTE
Bibliography, etc Includes bibliography and index.
650 ## - SUBJECT ADDED ENTRY--TOPICAL TERM
Topical term or geographic name as entry element Politics and government
Chronological subdivision 1945-
Geographic subdivision Middle East
9 (RLIN) 127770
700 1# - ADDED ENTRY--PERSONAL NAME
Personal name Leiden, Carl.
942 ## - ADDED ENTRY ELEMENTS (KOHA)
Source of classification or shelving scheme Dewey Decimal Classification
Koha item type Books
Holdings
Lost status Source of classification or shelving scheme Damaged status Not for loan Collection code Permanent Location Current Location Shelving location Date acquired Source of acquisition Cost, normal purchase price Total Checkouts Full call number Date last seen Copy number Koha item type
  Dewey Decimal Classification     Non-fiction Central Library, University of Rajshahi Central Library, University of Rajshahi   26/01/1986 Toppan & Co. 14.30   956.04 BIP 1984 24/03/2014 C-3 Books
  Dewey Decimal Classification     Non-fiction Central Library, University of Rajshahi Central Library, University of Rajshahi   25/07/1987   0.00   956.04 BIP 1984 08/05/2016 C-2 Books